[Event "HUN Team League Csongrad Region 2018-19 "]
[Site "Csongrád County"]
[Date "2018.11.25"]
[Round "4.1"]
[White "Balogh, Ferenc"]
[Black "Varga, Gabor"]
[Result "1/2-1/2"]
[WhiteElo "1914"]
[BlackElo "1698"]
[PlyCount "84"]
[EventDate "2018.09.30"]
[WhiteTeam "Maróczy Géza SE VI."]
[BlackTeam "Meritum SE III."]

1. e4 c5 2. Ne2 e6 3. d3 d5 4. Ng3 Nc6 5. Be2 a6 6. a4 g6 7. O-O Bg7 8. Nc3
Nge7 9. Bd2 O-O 10. Qc1 Nd4 11. Bd1 Bd7 12. Nce2 b5 13. Nxd4 cxd4 14. axb5 Bxb5
15. Bh6 Rc8 16. Bxg7 Kxg7 17. Qg5 Ng8 18. Qxd8 Rfxd8 19. e5 Ne7 20. f4 Nf5 21.
Nxf5+ exf5 22. Rf2 f6 23. exf6+ Kxf6 24. Bf3 Rc5 25. Re1 Re8 26. Rxe8 Bxe8 27.
Bd1 Rb5 28. b3 Rb6 29. Re2 Re6 30. Kf2 a5 31. Rxe6+ Kxe6 32. Ke1 Kd6 33. Kd2
Kc5 34. Kc1 a4 35. bxa4 Bxa4 36. g4 fxg4 37. Bxg4 Kd6 38. Kd2 Ke7 39. c3 dxc3+
40. Kxc3 Bd7 41. Bxd7 Kxd7 42. Kb4 Kc6 1/2-1/2

[Event "HUN Team League Csongrad Region 2018-19 "]
[Site "Csongrád County"]
[Date "2018.11.25"]
[Round "4.1"]
[White "Farkas, Boldizsar"]
[Black "Tornyai, Jeno"]
[Result "0-1"]
[WhiteElo "1649"]
[BlackElo "1876"]
[PlyCount "62"]
[EventDate "2018.09.30"]
[WhiteTeam "Meritum SE III."]
[BlackTeam "Maróczy Géza SE VI."]

1. d4 d5 2. Nf3 Nf6 3. Bf4 e6 4. h3 Bd6 5. e3 Bxf4 6. exf4 Qd6 7. Ne5 Qb4+ 8.
Nc3 Qxb2 9. Nb5 Qb4+ 10. Qd2 Qxd2+ 11. Kxd2 Ne4+ 12. Ke3 Na6 13. Bd3 f6 14.
Bxe4 fxe5 15. Bf3 Bd7 16. c4 exf4+ 17. Kd2 O-O 18. Rab1 c6 19. Nd6 b6 20. Rhe1
dxc4 21. Nxc4 Rad8 22. Ne5 c5 23. d5 exd5 24. Bxd5+ Be6 25. Nc6 Rxd5+ 26. Kc3
Kf7 27. Nxa7 Rfd8 28. Rxb6 Rd3+ 29. Kc2 Nb4+ 30. Kb1 Bxa2+ 31. Kb2 Rd2+ 0-1

[Event "HUN Team League Csongrad Region 2018-19 "]
[Site "Csongrád County"]
[Date "2018.11.25"]
[Round "4.1"]
[White "Lovaszi, Szabolcs"]
[Black "Kurucz, Gergely"]
[Result "1/2-1/2"]
[WhiteElo "1458"]
[BlackElo "1585"]
[PlyCount "34"]
[EventDate "2018.09.30"]
[WhiteTeam "Maróczy Géza SE VI."]
[BlackTeam "Meritum SE III."]

1. d4 d6 2. Bf4 g6 3. e3 Bg7 4. Nf3 Nf6 5. h3 Nd5 6. Bh2 Nc6 7. Bc4 Nb6 8. Bb3
O-O 9. c3 Nd7 10. Nbd2 e5 11. dxe5 Ndxe5 12. Nxe5 Nxe5 13. Nf3 Re8 14. O-O Be6
15. Nxe5 dxe5 16. Bxe6 Rxe6 17. Qc2 Qe7 1/2-1/2

[Event "HUN Team League Csongrad Region 2018-19 "]
[Site "Csongrád County"]
[Date "2018.11.25"]
[Round "4.1"]
[White "Filep, Miklos Sr."]
[Black "Keller, Peter"]
[Result "0-1"]
[WhiteElo "1529"]
[BlackElo "1357"]
[PlyCount "82"]
[EventDate "2018.09.30"]
[WhiteTeam "Meritum SE III."]
[BlackTeam "Maróczy Géza SE VI."]

1. f4 Nf6 2. b3 d5 3. Bb2 Bf5 4. Nf3 h6 5. e3 Nbd7 6. Bd3 Bxd3 7. cxd3 e6 8.
O-O Be7 9. Nc3 c6 10. Ne2 Nc5 11. Qc2 Bd6 12. Ne5 Ncd7 13. Ng3 O-O 14. Rf3 Qc7
15. Nxd7 Nxd7 16. Nh5 f6 17. Raf1 Rf7 18. Kh1 e5 19. fxe5 Nxe5 20. Bxe5 Bxe5
21. g3 Raf8 22. d4 Bd6 23. Qg6 Qe7 24. Nf4 Qe4 25. Qxe4 dxe4 26. R3f2 Kh7 27.
Ne2 Re8 28. Nc3 Kg6 29. Kg2 h5 30. Nd1 Re6 31. Nb2 b5 32. Rc1 Rc7 33. Rc2 Re8
34. Nd1 c5 35. d5 Re5 36. Nc3 b4 37. Nb5 Rd7 38. Nxd6 Rxd6 39. Rxc5 Rexd5 40.
Rxd5 Rxd5 41. Rf4 Rxd2+ 0-1

[Event "HUN Team League Csongrad Region 2018-19 "]
[Site "Csongrád County"]
[Date "2018.11.25"]
[Round "4.1"]
[White "Elekes, Lajos"]
[Black "Fulop, Csilla"]
[Result "0-1"]
[WhiteElo "1328"]
[BlackElo "1441"]
[PlyCount "27"]
[EventDate "2018.09.30"]
[WhiteTeam "Maróczy Géza SE VI."]
[BlackTeam "Meritum SE III."]

1. g3 Nf6 2. c4 e5 3. Nc3 Be7 4. Bg2 c6 5. e4 Bb4 6. Nce2 d5 7. a3 Be7 8. exd5
cxd5 9. cxd5 Nxd5 10. Qb3 Nb6 11. Nc3 N8d7 12. Nd5 Nc5 13. Qf3 e4 14. Qf4 0-1

[Event "HUN Team League Csongrad Region 2018-19 "]
[Site "Csongrád County"]
[Date "2018.11.25"]
[Round "4.2"]
[White "Megyaszai, Balazs"]
[Black "Adok, Janos"]
[Result "0-1"]
[WhiteElo "1657"]
[BlackElo "2237"]
[PlyCount "74"]
[EventDate "2018.09.30"]
[WhiteTeam "Maróczy Géza SE V."]
[BlackTeam "Vásárhelyi Pákozdy FSSE"]

1. e4 d6 2. d4 Nf6 3. Nc3 g6 4. Nf3 Bg7 5. Be2 Nc6 6. O-O Bg4 7. Be3 a6 8. h3
Bxf3 9. Bxf3 e5 10. dxe5 Nxe5 11. Be2 O-O 12. Bd4 Re8 13. Bxe5 Rxe5 14. Bf3 b5
15. Re1 b4 16. Nd5 Nxd5 17. exd5 Rxe1+ 18. Qxe1 Bxb2 19. Rd1 Bc3 20. Qe2 Qd7
21. Qc4 a5 22. Rb1 Re8 23. Rd1 Re7 24. Bg4 Qa4 25. Qb3 Qb5 26. Bf3 a4 27. Qb1
Qc4 28. Rf1 Re5 29. Rd1 h5 30. Rf1 Rf5 31. Rd1 Kg7 32. Rf1 Be5 33. Re1 Qf4 34.
Rxe5 Rxe5 35. Qd1 Qc4 36. Qb1 Qc3 37. Kf1 a3 0-1

[Event "HUN Team League Csongrad Region 2018-19 "]
[Site "Csongrád County"]
[Date "2018.11.25"]
[Round "4.2"]
[White "Borsi, Imre"]
[Black "Arato, Daniel"]
[Result "1-0"]
[WhiteElo "2007"]
[BlackElo "1733"]
[PlyCount "75"]
[EventDate "2018.09.30"]
[WhiteTeam "Vásárhelyi Pákozdy FSSE"]
[BlackTeam "Maróczy Géza SE V."]

1. d4 d5 2. c4 c6 3. Nf3 Nf6 4. Nc3 dxc4 5. a4 Bf5 6. e3 e6 7. Bxc4 Bb4 8. O-O
O-O 9. Qb3 a5 10. Na2 Qb6 11. Nxb4 axb4 12. Bd2 Na6 13. a5 Qc7 14. Bxb4 Nxb4
15. Qxb4 Ra7 16. Qa3 Rfa8 17. b4 Nd7 18. Qc3 b6 19. axb6 Nxb6 20. Bb3 Be4 21.
Ne5 Bd5 22. Bxd5 cxd5 23. Qxc7 Rxc7 24. Rxa8+ Nxa8 25. Nd3 Nb6 26. Rc1 Rc4 27.
Kf1 Kf8 28. Ke2 Ke7 29. Ra1 Kd6 30. Ra6 Kc6 31. Ne5+ Kb5 32. Rxb6+ Kxb6 33.
Nxc4+ dxc4 34. Kd2 Kb5 35. Kc3 g6 36. e4 f5 37. exf5 gxf5 38. f4 1-0

[Event "HUN Team League Csongrad Region 2018-19 "]
[Site "Csongrád County"]
[Date "2018.11.25"]
[Round "4.2"]
[White "Jojart, Zsolt"]
[Black "Buzas, Andras"]
[Result "1/2-1/2"]
[WhiteElo "1596"]
[BlackElo "1756"]
[Annotator "Bartos,Ferenc"]
[PlyCount "86"]
[EventDate "2018.09.30"]
[WhiteTeam "Maróczy Géza SE V."]
[BlackTeam "Vásárhelyi Pákozdy FSSE"]

1. e4 d5 2. exd5 Qxd5 3. Nc3 Qa5 4. Nf3 Nf6 5. Be2 Bf5 6. O-O e6 7. d4 {
Egyik játékos jegyzése szerint c4} c6 8. Ne5 Qc7 9. Bd3 Bg6 10. h3 Nbd7 11.
Bf4 Bd6 12. Re1 {Előző játékos itt Bc1-et írt.} O-O-O 13. Qf3 Nb6 {
Ugyanaz a játékos itt Hb6 és Hbd5-öt írt ugyanabba a mezőbe, miközben a
14. lépéseket kihagyta..} 14. a4 Nbd5 15. Nxd5 Nxd5 16. Bg3 Bxd3 17. Nxd3 {
Ismét hiba Fe3 és He3, ami szintén lehetséges lépés, csak a következő
lépés miatt nem ez a jó!!!} Bxg3 18. fxg3 Rhf8 19. c3 Ne7 {Ugyanaz a
játékos itt úgy érte utol magát, hogy a 18. és 19. lépéspár ugyanaz
volt, mint a tényleges 19.} 20. b4 Nf5 21. Kf2 Qb6 22. Nc5 Rd5 23. Qe2 Qc7 24.
Qd3 {Itt is hiba: Ve3.} g6 25. g4 Ng7 26. Kg1 Rfd8 27. Qe3 b6 28. Ne4 Qe7 29.
Qe2 Kb8 {A korábban hibázó játékos itt Kb7-et írt, majd a következő
lépéspárja ismét Ve2 és Kb8 volt.} 30. a5 {A játékos most b4-et írt.}
b5 31. Nc5 h5 32. Nd3 hxg4 33. Ne5 Qc7 34. Qxg4 Nf5 {Most Hf4 jött.} 35. Qg5
a6 36. g4 {Most g5 következett.} Nd6 37. Nxc6+ Qxc6 38. Qxd8+ Nc8 39. Qf6 Qxc3
40. Qf4+ Nd6 {Ehelyett Hf4 lett írva.} 41. Qf6 {Vh6 került beírásra.} Rxd4
42. Qh8+ Kb7 43. Qe5 {Ezt a lépést az eddig nem hibázó kihagyta.} Qxb4 {
Ezután Bc1 következett, ami feltehetően az e bástya lépése, de ezt az
előző lépésig nem hibázó játékos nem írta oda, míg az eddig
folyamatosan hibázó játékos már be sem írta a lépést!!!} 1/2-1/2

[Event "HUN Team League Csongrad Region 2018-19 "]
[Site "Csongrád County"]
[Date "2018.11.25"]
[Round "4.2"]
[White "Markus, Molli Amina"]
[Black "Kis, Izabella"]
[Result "1-0"]
[WhiteElo "1614"]
[BlackElo "1375"]
[PlyCount "69"]
[EventDate "2018.09.30"]
[WhiteTeam "Vásárhelyi Pákozdy FSSE"]
[BlackTeam "Maróczy Géza SE V."]

1. c4 c5 2. Nc3 Nc6 3. g3 g6 4. Bg2 Bg7 5. e3 e6 6. Nge2 Nge7 7. O-O O-O 8. d4
b6 9. d5 Na5 10. dxe6 Nac6 11. exf7+ Rxf7 12. Nd5 Kh8 13. Nxe7 Qxe7 14. Nf4 Bb7
15. Bd5 Rff8 16. Qg4 Ne5 17. Nxg6+ Nxg6 18. Bxb7 Rab8 19. Bg2 Ne5 20. Qe2 d6
21. Rb1 Rf6 22. b3 Rbf8 23. f4 Ng6 24. Bb2 Nxf4 25. gxf4 Re6 26. Bxg7+ Qxg7 27.
Rf3 Rfe8 28. Rg3 Qc3 29. Re1 Qd4 30. Kf1 Qf6 31. Bd5 R6e7 32. Qg4 Rg7 33. Qxg7+
Qxg7 34. Rxg7 Kxg7 35. Kf2 1-0

[Event "HUN Team League Csongrad Region 2018-19 "]
[Site "Csongrád County"]
[Date "2018.11.25"]
[Round "4.2"]
[White "Vajna, Zsolt"]
[Black "Gachalyi, Gergo"]
[Result "1/2-1/2"]
[WhiteElo "1321"]
[BlackElo "1486"]
[PlyCount "157"]
[EventDate "2018.09.30"]
[WhiteTeam "Maróczy Géza SE V."]
[BlackTeam "Vásárhelyi Pákozdy FSSE"]

1. d4 Nf6 2. c4 g6 3. Bg5 Bg7 4. Qc1 d6 5. Bh6 O-O 6. Bxg7 Kxg7 7. Nc3 Nc6 8.
e3 Bf5 9. Nf3 Nb4 10. Nh4 Nc2+ 11. Ke2 Nxa1 12. Nxf5+ gxf5 13. Qxa1 Rg8 14. Qb1
Qd7 15. g3 e6 16. Bg2 c6 17. Qc2 Kf8 18. Rd1 Ke7 19. Rh1 h5 20. h4 Qc7 21. Bf3
Rh8 22. Qb3 Rac8 23. Qc2 d5 24. Qa4 a6 25. Qa3+ Kd8 26. Qb3 dxc4 27. Qxc4 Nd5
28. Rd1 Nxc3+ 29. Qxc3 Ke7 30. Kf1 f6 31. Qb4+ Kf7 32. Rc1 Qe7 33. Qb6 Kg6 34.
Be2 Qc7 35. Qb3 Qd7 36. Bc4 Rhe8 37. Be2 Qd5 38. Qxd5 cxd5 39. Rc5 Rxc5 40.
dxc5 a5 41. a3 Rc8 42. b4 axb4 43. axb4 b6 44. cxb6 Rb8 45. Ba6 Rxb6 46. b5 e5
47. Ke2 Kf7 48. Kd3 Ke7 49. Kc3 Kd6 50. Kb4 Rb8 51. Kc3 Kc5 52. Kb3 Rd8 53. Kc2
d4 54. exd4+ Rxd4 55. b6 Kxb6 56. Be2 f4 57. Bxh5 fxg3 58. fxg3 Kc5 59. Kc3 Kd6
60. Be2 Ke7 61. h5 Kf7 62. g4 Kg7 63. Bf3 Kh6 64. Be2 Kg5 65. Bf3 Rf4 66. Be2
f5 67. gxf5 Kxf5 68. Kd3 Rh4 69. Ke3 Rh3+ 70. Kf2 Kf4 71. Kg2 Rh4 72. Bd1 Ke3
73. Kg3 Rh1 74. Bf3 Rg1+ 75. Bg2 Rc1 76. h6 Rc7 77. Kg4 e4 78. Kg5 Kd3 79. Kg6
1/2-1/2

[Event "HUN Team League Csongrad Region 2018-19 "]
[Site "Csongrád County"]
[Date "2018.11.25"]
[Round "4.2"]
[White "Torok, Csaba"]
[Black "Herczeg, Zsofia"]
[Result "1-0"]
[WhiteElo "1526"]
[BlackElo "1274"]
[PlyCount "82"]
[EventDate "2018.09.30"]
[WhiteTeam "Vásárhelyi Pákozdy FSSE"]
[BlackTeam "Maróczy Géza SE V."]

1. e4 c5 2. Nf3 Nc6 3. d4 d6 4. c4 Bg4 5. d5 Ne5 6. Qa4+ Qd7 7. Qxd7+ Nxd7 8.
Be2 Bxf3 9. Bxf3 Ngf6 10. Nc3 Nb6 11. Be2 g6 12. O-O Bg7 13. Bd2 Nfd7 14. f4
Rf8 15. Bd3 f5 16. exf5 gxf5 17. Rae1 Bf6 18. Kh1 Bd4 19. Nb5 Kd8 20. Bc3 e5
21. dxe6 Ke7 22. exd7+ Kxd7 23. Bxd4 cxd4 24. Nxd4 Na4 25. Bxf5+ Kc7 26. Ne6+
Kc6 27. Nxf8 Rxf8 28. Be4+ Kb6 29. f5 Kc5 30. b3 Nc3 31. Bb1 b5 32. Rf3 Kb4 33.
cxb5 Nxb5 34. f6 Nd4 35. Re4 Kc5 36. b4+ Kc4 37. Rxd4+ Kxd4 38. Bxh7 d5 39. g4
Ke5 40. g5 d4 41. f7 Rc8 1-0

[Event "HUN Team League Csongrad Region 2018-19 "]
[Site "Csongrád County"]
[Date "2018.11.25"]
[Round "4.2"]
[White "Herczeg, Viktoria"]
[Black "Csikos, Adam"]
[Result "0-1"]
[WhiteElo "1226"]
[BlackElo "1315"]
[PlyCount "42"]
[EventDate "2018.09.30"]
[WhiteTeam "Maróczy Géza SE V."]
[BlackTeam "Vásárhelyi Pákozdy FSSE"]

1. e4 c5 2. f4 Nc6 3. Nf3 Nf6 4. Nc3 Nd4 5. d3 e6 6. Be3 Nc6 7. g3 d5 8. Ne2
dxe4 9. dxe4 Nxe4 10. Bg2 Bd6 11. O-O O-O 12. Qe1 e5 13. Nc3 Nf6 14. fxe5 Nxe5
15. Nxe5 Bxe5 16. Bxc5 Re8 17. Qd1 Qc7 18. Bd4 Bg4 19. Bf3 Rad8 20. Bxg4 Bxd4+
21. Kh1 Bxc3 0-1

[Event "HUN Team League Csongrad Region 2018-19 "]
[Site "Csongrád County"]
[Date "2018.11.25"]
[Round "4.3"]
[White "Koszta, Benedek"]
[Black "Balassy, Gabor"]
[Result "1-0"]
[WhiteElo "1905"]
[BlackElo "1818"]
[PlyCount "59"]
[EventDate "2018.09.30"]
[WhiteTeam "Maróczy Géza SE IV."]
[BlackTeam "Makói SVSE III."]

1. e4 c6 2. d4 d5 3. exd5 cxd5 4. Bd3 Nc6 5. c3 Nf6 6. Bf4 e6 7. Nf3 Be7 8. O-O
O-O 9. Nbd2 b6 10. Re1 Bb7 11. Ne5 h6 12. Ndf3 Nxe5 13. Nxe5 Nd7 14. Qh5 Nf6
15. Qh3 Ne4 16. f3 Bg5 17. Bg3 Nxg3 18. hxg3 f5 19. f4 Bf6 20. g4 Bxe5 21. Rxe5
fxg4 22. Qxg4 Rf6 23. Rae1 Bc8 24. f5 Bb7 25. fxe6 Qe7 26. Bc2 Raf8 27. Qe2 Rf4
28. Qd3 g5 29. Qg6+ Qg7 30. e7 1-0

[Event "HUN Team League Csongrad Region 2018-19 "]
[Site "Csongrád County"]
[Date "2018.11.25"]
[Round "4.3"]
[White "Csibor, Andras"]
[Black "Borus, Andras"]
[Result "0-1"]
[WhiteElo "1807"]
[BlackElo "2030"]
[PlyCount "116"]
[EventDate "2018.09.30"]
[WhiteTeam "Makói SVSE III."]
[BlackTeam "Maróczy Géza SE IV."]

1. d4 Nf6 2. c4 g6 3. Nc3 Bg7 4. e4 d6 5. Bg5 h6 6. Be3 O-O 7. f3 Nbd7 8. Bd3
c5 9. d5 Ne5 10. Nge2 e6 11. Rc1 exd5 12. cxd5 a6 13. a4 Rb8 14. O-O Re8 15. b3
b5 16. axb5 Nxd3 17. Qxd3 axb5 18. Qd2 Kh7 19. h3 b4 20. Nd1 Ba6 21. Rf2 Nd7
22. Nb2 Nb6 23. Kh2 Qe7 24. Bf4 Be5 25. g3 Bg7 26. Rc2 Bb5 27. Nd3 Ra8 28. Be3
Nxd5 29. Bxc5 dxc5 30. exd5 Rac8 31. Ndf4 Qd6 32. Qd1 Re5 33. h4 Re3 34. Qb1
Rce8 35. Ng1 Kg8 36. Qa2 Qb6 37. Ng2 Rd3 38. Rfd2 Bc3 39. Rxd3 Bxd3 40. Rc1 Qb7
41. Nf4 Bf5 42. Qa4 Bd7 43. Qa2 Bd4 44. Nge2 Be3 45. Rd1 h5 46. Qb1 Bf5 47. Qa2
Qa8 48. Qxa8 Rxa8 49. d6 Bc2 50. Rd5 Bxb3 51. Rd3 Bxf4 52. Nxf4 Bc2 53. Rd5 b3
54. d7 Rd8 55. Ne2 b2 56. Nc3 b1=Q 57. Nxb1 Bxb1 58. Rxc5 Rxd7 0-1

[Event "HUN Team League Csongrad Region 2018-19 "]
[Site "Csongrád County"]
[Date "2018.11.25"]
[Round "4.3"]
[White "Pluhar, Andras"]
[Black "Hajnal, Bence"]
[Result "1-0"]
[WhiteElo "1813"]
[BlackElo "1785"]
[PlyCount "61"]
[EventDate "2018.09.30"]
[WhiteTeam "Maróczy Géza SE IV."]
[BlackTeam "Makói SVSE III."]

1. e4 g6 2. d4 b6 3. Nf3 Bb7 4. Nc3 Bg7 5. Bc4 d6 6. Qe2 e6 7. Be3 a6 8. a4 Nd7
9. O-O Ne7 10. Rad1 h6 11. Rfe1 g5 12. h3 Ng6 13. Qd2 Rg8 14. h4 g4 15. Nh2 h5
16. g3 Bf8 17. Bg5 Be7 18. f4 Ndf8 19. f5 Nxh4 20. gxh4 Bxg5 21. hxg5 Rxg5 22.
Qf4 g3 23. Nf3 Rg4 24. Qh6 h4 25. fxe6 Rg6 26. exf7+ Kd7 27. Ne5+ dxe5 28.
dxe5+ Kc6 29. Bd5+ Kd7 30. Bxb7+ Ke7 31. Qf4 1-0

[Event "HUN Team League Csongrad Region 2018-19 "]
[Site "Csongrád County"]
[Date "2018.11.25"]
[Round "4.3"]
[White "Jakso, Abel"]
[Black "Blazsik, Zoltan"]
[Result "1-0"]
[WhiteElo "1548"]
[BlackElo "1747"]
[PlyCount "61"]
[EventDate "2018.09.30"]
[WhiteTeam "Makói SVSE III."]
[BlackTeam "Maróczy Géza SE IV."]

1. d4 Nf6 2. Nf3 d5 3. Bf4 Bf5 4. e3 h6 5. Bd3 Bxd3 6. Qxd3 Nbd7 7. h3 e6 8.
O-O Bd6 9. Bxd6 cxd6 10. Nbd2 O-O 11. c4 Qb6 12. Rab1 Rac8 13. Rfc1 dxc4 14.
Nxc4 Qa6 15. Qb3 Rc6 16. Rc3 Ne4 17. Rc2 Rfc8 18. Rbc1 d5 19. Nce5 Nxe5 20.
Nxe5 Rxc2 21. Rxc2 Rxc2 22. Qxc2 Qxa2 23. Qc8+ Kh7 24. Nxf7 Qb1+ 25. Kh2 Nf6
26. Qh8+ Kg6 27. Ne5+ Kh5 28. g4+ Nxg4+ 29. hxg4+ Kh4 30. Qxg7 Qe4 31. Qxh6#
1-0

[Event "HUN Team League Csongrad Region 2018-19 "]
[Site "Csongrád County"]
[Date "2018.11.25"]
[Round "4.3"]
[White "Lakatos, Alfred"]
[Black "Kralik, Attila"]
[Result "1/2-1/2"]
[WhiteElo "1578"]
[BlackElo "1686"]
[PlyCount "40"]
[EventDate "2018.09.30"]
[WhiteTeam "Maróczy Géza SE IV."]
[BlackTeam "Makói SVSE III."]

1. d4 Nf6 2. e4 Nxe4 3. Bd3 Nf6 4. Bg5 d6 5. Bxf6 gxf6 6. Qh5 e5 7. Bc4 d5 8.
Bb3 Rg8 9. Nd2 Nc6 10. dxe5 Rg5 11. Qh4 Rxe5+ 12. Kf1 Na5 13. Qa4+ c6 14. Ngf3
Nxb3 15. axb3 Re7 16. Re1 Bf5 17. Nd4 Bd7 18. Qa1 Bh6 19. Rxe7+ Qxe7 20. Qe1 c5
1/2-1/2

[Event "HUN Team League Csongrad Region 2018-19 "]
[Site "Csongrád County"]
[Date "2018.11.25"]
[Round "4.3"]
[White "Gyemant, Karoly"]
[Black "Erdei, Imre"]
[Result "1-0"]
[WhiteElo "1582"]
[BlackElo "1663"]
[PlyCount "95"]
[EventDate "2018.09.30"]
[WhiteTeam "Maróczy Géza SE IV."]
[BlackTeam "Makói SVSE III."]

1. e4 e6 2. d4 d5 3. exd5 Qxd5 4. c4 Bb4+ 5. Bd2 Bxd2+ 6. Qxd2 Qe4+ 7. Ne2 a6
8. a4 Nf6 9. Nbc3 Qg4 10. f3 Qh4+ 11. g3 Qh6 12. Qxh6 gxh6 13. Bg2 Nc6 14. O-O
Na5 15. c5 Nc4 16. b4 Ne3 17. Rfc1 Nxg2 18. Kxg2 Bd7 19. b5 a5 20. Ne4 Nxe4 21.
fxe4 c6 22. Nc3 Rg8 23. b6 Rg5 24. Rd1 Ke7 25. e5 h5 26. Ne4 Rg6 27. Nd6 Rb8
28. Rf1 Rg7 29. Rf4 Be8 30. Raf1 Kf8 31. Rh4 Rg5 32. Rf6 Rg6 33. Rxh5 Kg7 34.
Rxg6+ hxg6 35. Rh4 g5 36. Rg4 f6 37. Nxe8+ Rxe8 38. h4 fxe5 39. Rxg5+ Kh6 40.
Rxe5 Kg6 41. g4 Kf7 42. h5 Rd8 43. Re4 Rd5 44. Kf3 Kf6 45. Kf4 Rg5 46. Rxe6+
Kxe6 47. Kxg5 Kd5 48. h6 1-0

[Event "HUN Team League Csongrad Region 2018-19 "]
[Site "Csongrád County"]
[Date "2018.11.25"]
[Round "4.3"]
[White "Szekeres, Mihaly"]
[Black "Koszo, Ferenc"]
[Result "1-0"]
[WhiteElo "1652"]
[BlackElo "1365"]
[PlyCount "81"]
[EventDate "2018.09.30"]
[WhiteTeam "Makói SVSE III."]
[BlackTeam "Maróczy Géza SE IV."]

1. d4 d5 2. e3 Nf6 3. h3 c6 4. Nf3 Nbd7 5. Bd3 Qc7 6. b3 e6 7. Bb2 b5 8. Nbd2
Bd6 9. c4 b4 10. c5 Be7 11. a3 Qa5 12. axb4 Qxb4 13. Ra4 Qb8 14. Qa1 O-O 15.
O-O h6 16. b4 Bb7 17. Bc3 Re8 18. Rb1 a6 19. Qb2 Qc7 20. Rba1 Reb8 21. Qc2 g6
22. Ne5 Nxe5 23. dxe5 Nd7 24. f4 Kg7 25. Nf3 Qc8 26. Qe2 f5 27. exf6+ Bxf6 28.
Nd4 Kf7 29. g3 Qh8 30. Qg4 Bxd4 31. Qxg6+ Ke7 32. Bxd4 Qf8 33. Kg2 Nf6 34. Be5
Rd8 35. Bxa6 Bxa6 36. Rxa6 Rxa6 37. Rxa6 Qf7 38. Ra7+ Nd7 39. Bd6+ Ke8 40. Qxh6
Qf6 41. Qh5+ 1-0

[Event "HUN Team League Csongrad Region 2018-19 "]
[Site "Csongrád County"]
[Date "2018.11.25"]
[Round "4.4"]
[White "Hajdu, Istvan"]
[Black "Csikos, Mihaly"]
[Result "1/2-1/2"]
[WhiteElo "1900"]
[BlackElo "2055"]
[PlyCount "105"]
[EventDate "2018.09.30"]
[WhiteTeam "Szentesi Sakk SE II."]
[BlackTeam "Meritum SE II."]

1. e4 e6 2. d4 d5 3. Nd2 c5 4. exd5 exd5 5. Bb5+ Nc6 6. Ngf3 Qe7+ 7. Qe2 Qxe2+
8. Kxe2 Bd7 9. dxc5 Bxc5 10. Nb3 Bb6 11. Rd1 a6 12. Bxc6 bxc6 13. Ne5 f6 14.
Nxd7 Kxd7 15. c4 Ne7 16. Be3 Bxe3 17. Kxe3 Rhe8 18. Kd3 Kd6 19. Rac1 Ng6 20.
Kc2 Re2+ 21. Rd2 Rxd2+ 22. Kxd2 Rb8 23. Rc2 Ne5 24. cxd5 cxd5 25. h3 Nc6 26.
Rc1 a5 27. Rb1 a4 28. Nc1 d4 29. a3 Ne5 30. Na2 Nc6 31. Kc2 Kd5 32. b3 axb3+
33. Rxb3 Rxb3 34. Kxb3 Ke4 35. Nb4 Nxb4 36. axb4 Kd3 37. b5 Ke2 38. b6 d3 39.
b7 d2 40. b8=Q d1=Q+ 41. Kc4 Qd3+ 42. Kc5 Kxf2 43. Qg8 Qf5+ 44. Kd4 g5 45. Qa2+
Kg3 46. Qe2 Qe5+ 47. Qxe5+ fxe5+ 48. Kxe5 Kxg2 49. Kf5 h6 50. Kg4 Kh2 51. h4
Kg2 52. hxg5 hxg5 53. Kxg5 1/2-1/2

[Event "HUN Team League Csongrad Region 2018-19 "]
[Site "Csongrád County"]
[Date "2018.11.25"]
[Round "4.4"]
[White "Palotai, Bendeguz"]
[Black "Cs. Kovacs, Laszlo"]
[Result "1-0"]
[WhiteElo "1947"]
[BlackElo "1844"]
[PlyCount "87"]
[EventDate "2018.09.30"]
[WhiteTeam "Meritum SE II."]
[BlackTeam "Szentesi Sakk SE II."]

1. d4 Nf6 2. Bf4 d6 3. e3 g6 4. Nf3 Bg7 5. h3 b6 6. c4 Bb7 7. Nc3 c5 8. Be2
Nbd7 9. O-O O-O 10. d5 Nh5 11. Bh2 Bxc3 12. bxc3 Ng7 13. Qc2 f6 14. e4 Ne5 15.
Nd2 g5 16. f4 gxf4 17. Rxf4 Kh8 18. Nf1 Bc8 19. Ne3 Rg8 20. Kh1 Bd7 21. Raf1
Ng6 22. R4f2 Qc8 23. Bg4 Ne5 24. Bxe5 dxe5 25. Qd2 Bxg4 26. Nxg4 Rd8 27. Qh6
Rd6 28. Rxf6 exf6 29. Rxf6 Rd7 30. Rc6 Rc7 31. Nf6 Ne6 32. Rxe6 Qf8 33. Qh5 Rf7
34. Qxe5 Qg7 35. Qf4 Raf8 36. e5 Qg6 37. d6 Rg7 38. Qf1 Qg5 39. Re7 Qd2 40.
Rxg7 Kxg7 41. Qf5 Qe1+ 42. Kh2 Qh4 43. d7 a6 44. Ne8+ 1-0

[Event "HUN Team League Csongrad Region 2018-19 "]
[Site "Csongrád County"]
[Date "2018.11.25"]
[Round "4.4"]
[White "Fabian, Istvan"]
[Black "Makay, Andor Dr."]
[Result "1-0"]
[WhiteElo "1743"]
[BlackElo "1639"]
[PlyCount "79"]
[EventDate "2018.09.30"]
[WhiteTeam "Meritum SE II."]
[BlackTeam "Szentesi Sakk SE II."]

1. e4 c5 2. Nf3 Nc6 3. d4 cxd4 4. Nxd4 a6 5. c4 e6 6. a3 Qh4 7. Nc3 Bc5 8. Be3
Qe7 9. Nxc6 bxc6 10. Bxc5 Qxc5 11. Qg4 g6 12. Qg3 d6 13. Rd1 e5 14. b4 Qa7 15.
Rxd6 Qc7 16. Qxe5+ Qe7 17. Qxh8 Qxd6 18. Qxg8+ Ke7 19. Qg7 Be6 20. e5 Qd4 21.
Qf6+ Kd7 22. Qf3 Qxe5+ 23. Be2 Rc8 24. O-O Ke7 25. Qe3 Qc7 26. Nd5+ cxd5 27.
cxd5 Kf8 28. dxe6 fxe6 29. Bxa6 Re8 30. Qc5+ Qxc5 31. bxc5 Ra8 32. Bb7 Rxa3 33.
Rc1 Ke7 34. c6 Rb3 35. c7 Rxb7 36. c8=Q Rd7 37. Qc5+ Ke8 38. Ra1 Re7 39. Ra8+
Kf7 40. Qc8 1-0

[Event "HUN Team League Csongrad Region 2018-19 "]
[Site "Csongrád County"]
[Date "2018.11.25"]
[Round "4.4"]
[White "Kozak, Janos"]
[Black "Kantor, Robert"]
[Result "0-1"]
[WhiteElo "1513"]
[BlackElo "1421"]
[PlyCount "96"]
[EventDate "2018.09.30"]
[WhiteTeam "Szentesi Sakk SE II."]
[BlackTeam "Meritum SE II."]

1. c4 c5 2. Nf3 Nf6 3. Nc3 Nc6 4. g3 g6 5. Bg2 Bg7 6. d4 cxd4 7. Nxd4 O-O 8.
O-O Nxd4 9. Qxd4 d6 10. e4 Bd7 11. b3 Ng4 12. Qd3 Ne5 13. Qc2 f5 14. f4 Nc6 15.
Ba3 a6 16. Rad1 b5 17. Ne2 Rc8 18. Rd2 Qa5 19. Bc1 Nb4 20. Qb1 bxc4 21. e5 Qc5+
22. Kh1 Bc6 23. bxc4 Bxg2+ 24. Kxg2 dxe5 25. Ba3 a5 26. Kh3 Rfd8 27. Rxd8+ Rxd8
28. Bxb4 axb4 29. Qb3 Rd2 30. Ng1 Qc6 31. Nf3 Rd7 32. fxe5 Qe6 33. Re1 f4+ 34.
Kg2 fxg3 35. hxg3 Qc6 36. Kh2 e6 37. g4 Rf7 38. Kg3 Qc5 39. Ng5 Bxe5+ 40. Kh3
Re7 41. Qe3 Qxe3+ 42. Rxe3 Bf4 43. Rxe6 Bxg5 44. Rb6 Bd2 45. c5 Rc7 46. c6 g5
47. Kg3 Kf7 48. Kf3 Ke7 0-1

[Event "HUN Team League Csongrad Region 2018-19 "]
[Site "Csongrád County"]
[Date "2018.11.25"]
[Round "4.4"]
[White "Miko, Vince"]
[Black "Kovacs, Marcell"]
[Result "0-1"]
[WhiteElo "1337"]
[BlackElo "1396"]
[PlyCount "60"]
[EventDate "2018.09.30"]
[WhiteTeam "Meritum SE II."]
[BlackTeam "Szentesi Sakk SE II."]

1. e4 e5 2. Nf3 Nc6 3. Bc4 h6 4. d3 Nf6 5. Be3 d6 6. h3 Be7 7. Nc3 Be6 8. Bb3
O-O 9. Qd2 Kh7 10. O-O-O d5 11. exd5 Nxd5 12. Rhe1 Nxc3 13. Qxc3 Bb4 14. Qxc6
bxc6 15. c3 Bxb3 16. axb3 Ba5 17. Nxe5 Qf6 18. d4 c5 19. Nd7 Qd6 20. Nxf8+ Rxf8
21. dxc5 Qf6 22. b4 Bxb4 23. cxb4 Rd8 24. Rxd8 Qxd8 25. Rd1 Qb8 26. Rd4 Qb5 27.
Kc2 a5 28. bxa5 Qxa5 29. Rd7 Qa4+ 30. b3 Qxd7 0-1